000 00680nam a2200181 i 4500
001 42477
003 ES-MaACL
005 20250830221721.0
007 t|
008 030401s1886 gw ||||1| ger d
100 1 _aSupan, Alexander.
_9108801
245 1 0 _aArchiv für Wirtschaftsgeographie.
_n, . I,
_pNordamerika, 1880-1885 /
_cvon Alexander Supan.
260 _aGotha :
_bJustus Perthes,
_c1886.
300 _a57 p., [2] h. map. pleg. ;
_c28 cm.
651 7 _aEstados Unidos-
_xGeografía económica
_2
_9145618
852 _aES-MaACL
_jG-4274(6)
_q. - Encuadernado con otras obras
_z.- Forma parte de la col. facticia "Varios de geografía" alemán
999 _c42477
_d42477